01087nam a22002177a 4500003000400000005001700004008004100021020001800062040001400080041000800094082001300102100003000115245002500145264003500170300003800205521051900243650001900762650001800781650002100799700004900820OSt20260319210413.0260319b ||||| |||| 00| 0 spa d a9789583069635 cCO-Mq BPB aspa aJNbHEUt aHeurtier, Anneliseeautor a#Todos odian a Luisa aBogotá;bPanamericana,c2025 a168 páginas;bTapa dura,c21 cm aLa historia sigue a Luisa, una adolescente que recibe su primer celular como regalo de cumpleaños. Emocionada, acepta las reglas de sus padres… pero pronto cede a la presión social y crea una cuenta en redes. Todo parece ir bien hasta que ocurre un malentendido con un chico, lo que provoca rumores, versiones distorsionadas y comentarios de otras personas. En poco tiempo, la vida de Luisa se convierte en un caos, ya que la situación escala hasta convertirse en un caso de acoso escolar (ciberbullying). aRedes sociales aCiberbullying aPresión social aNoguera Arrieta, Luisa Margaritaetraductora